Romanticism (Record no. 205)

MARC details
000 -LEADER
fixed length control field 00477 a2200181 4500
001 - CONTROL NUMBER
control field 065996
003 - CONTROL NUMBER IDENTIFIER
control field OSt
005 - DATE AND TIME OF LATEST TRANSACTION
control field 20251211110000.0
008 - FIXED-LENGTH DATA ELEMENTS--GENERAL INFORMATION
fixed length control field
082 ## - DEWEY DECIMAL CLASSIFICATION NUMBER
Classification number 809.9145
Item number R66R
245 1# - TITLE STATEMENT
Title Romanticism
Statement of responsibility, etc edited by Duncan Wu
260 ## - PUBLICATION, DISTRIBUTION, ETC. (IMPRINT)
Place of publication, distribution, etc USA
Name of publisher, distributor, etc Blackwell Publishing
Date of publication, distribution, etc 2005
300 ## - PHYSICAL DESCRIPTION
Extent 1121p.
500 ## - GENERAL NOTE
General note English
690 ## - LOCAL SUBJECT ADDED ENTRY--TOPICAL TERM (OCLC, RLIN)
Topical term or geographic name as entry element Romanticism; Great Britain; English literature; English poetry
700 ## - ADDED ENTRY--PERSONAL NAME
Relator term Wu, Duncan ed.
942 ## - ADDED ENTRY ELEMENTS (KOHA)
Source of classification or shelving scheme Dewey Decimal Classification
Koha item type Books
Holdings
Withdrawn status Lost status Source of classification or shelving scheme Damaged status Not for loan Collection code Home library Current library Department Date acquired Source of acquisition Coded location qualifier Cost, normal purchase price Inventory number(Invoice/Date) Full call number Barcode Date last seen Price effective from Koha item type Public note
    Dewey Decimal Classification     General Text Book Central University Of Rajasthan Central University Of Rajasthan English 07/03/2012 ENG Rawat jaip 1174.00 1001/15-03-2010 809.9145 R66R 282 21/11/2024 02/09/2020 Books Blackwell, USA